Statistics for Soccer Multiple Choice (Easy)

Click here to take the quiz!

General Stats

  • This quiz has been taken 156 times
  • The average score is 13 of 15

Answer Stats

QuestionAnswer% Correct
What does a referee show a player to send him off the field?the red card
98%
How many players are there on a team?11
97%
Name of the highest English club tierPremier League
97%
Which of these players is a goalkeeper?Manuel Neuer
95%
What happened during the World Cup semifinal in 2014?Germany beat hosts Brazil 7-1
94%
What did Zinedine Zidane do at the World Cup final of 2006?Head-butt an opposing player
93%
Who or what are Maracanã, Wembley, and San Siro?Stadiums
93%
What is the "Hand of God"?Maradona's unjust way of scoring against England
92%
Which city do the clubs Tottenham and Arsenal come from?London
91%
Host nation and winner of the first World CupUruguay
88%
What do Ronaldo and Cristiano Ronaldo have in common?They played for Real Madrid
87%
2003 British film starring Keira KnightleyBend it like Beckham
85%
Who is the only player to have won three World Cups?Pelé
83%
Which of these is NOT a FIFA member?Vatican City
72%
Noisy instrument used in South African stadiumsVuvuzela
68%

Score Distribution

Percentile by Number Answered

Percent of People with Each Score

Your Score History

You have not taken this quiz